|
|
|
|
| LEADER |
01267nam a22002777a 4500 |
| 001 |
35929 |
| 003 |
BD-DhAAL |
| 005 |
20250622151905.0 |
| 008 |
211027t19952005bg ||||| |||| 00| 0 ben d |
| 020 |
|
|
|a 9848280057
|
| 040 |
|
|
|a BD-DhAAL
|d BD-DhAAL
|
| 041 |
|
|
|a ben
|
| 082 |
|
|
|a 891.44
|2 23
|
| 100 |
|
|
|a বেগম, হোস্নে আরা.
|9 42258
|
| 245 |
|
|
|a বাংলা ভাষা ও সাহিত্য :
|b পাঠদান রীতি ও পদ্ধতি /
|c হোস্নে আরা বেগম.
|
| 260 |
|
|
|a ঢাকা :
|b মিতা ট্রেডার্স,
|c ২০০৫.
|
| 300 |
|
|
|a ২৫৯ পৃষ্ঠা ;
|c ২২ সে.মি.
|
| 504 |
|
|
|a গ্রন্থপঞ্জিগত নির্দেশিকা অন্তভূক্ত।
|
| 526 |
|
|
|a BIED
|
| 541 |
|
|
|a Complimentary copy from BIED
|e 35929
|
| 650 |
|
|
|a Bengali literature.
|9 42259
|
| 650 |
|
|
|a Curriculum planning.
|9 45712
|
| 852 |
|
|
|a Ayesha Abed Library
|c BIED Collection
|
| 942 |
|
|
|2 ddc
|c BK
|
| 999 |
|
|
|c 43284
|d 43284
|
| 952 |
|
|
|0 0
|1 0
|2 ddc
|4 0
|6 891_440000000000000_BEG
|7 0
|9 69436
|a BRACUL
|b BRACUL
|c GEN
|d 2021-10-27
|e Complimentary copy from BIED
|l 0
|o 891.44 BEG
|p 3010035929
|r 2021-10-27
|t 1
|w 2021-10-27
|y BK
|x Transferred from BIED to General Stacks
|